000
00269nam a2200109Ia 4500
008
140130s9999 xx 000 0 und d
245
_c
Medearis, Angela Shelf
_a
Here comes the snow (w/cd)
260
_b
Scholastic,
_c
1996
440
_v
1
942
_c
BK
999
_c
41706
_d
41706